Mejoramiento didactico de los principios dinamicos en estructuras

Guardado en:
Bibliografiske detaljer
Hovedforfatter: Zeledon Quiros, Andres
Format: Tesis Bog
Sprog:Undetermined
Udgivet: 2002
Fag:
Tags: Tilføj Tag
Ingen Tags, Vær først til at tagge denne postø!

MARC

LEADER 00000nam a2200000Ia 4500
001 9038
008 140114s9999 xx 000 0 und d
100 |a Zeledon Quiros, Andres 
245 |a Mejoramiento didactico de los principios dinamicos en estructuras 
260 |c 2002 
500 |a NULL 
502 |a Escuela de ingenieria Civil 
650 |z VIBRACION DE ESTRUCTURAS 
999 |c 12601  |d 12601